Gartenarchitektur in Japan

Salvato in:
Dettagli Bibliografici
Autore principale: Nitschke, Günter (Autore)
Natura: Libro
Lingua:tedesco
Pubblicazione: Koln : Taschen, 1991
Edizione:1. vyd.
Soggetti:
Tags: Aggiungi Tag
Nessun Tag, puoi essere il primo ad aggiungerne!!

MARC

LEADER 00000nam a22000003a 4500
001 stu11203
005 20150617225802.0
008 950307s1991----gw------------------ger-d
020 |a 3822802697 
040 |a STU  |b slo 
041 0 |a ger 
044 |a gw 
100 1 |a Nitschke, Günter  |4 aut 
245 1 |a Gartenarchitektur in Japan 
250 |a 1. vyd. 
260 |a Koln :  |b Taschen,  |c 1991 
300 |a 319 s 
650 7 |a záhradná architektúra  |2 stusub 
996 |b 284AU00294  |c A*1853 U  |l AAKNAR  |s A  |a 24  |w stu11203_0001